000 00826aam a2200301 i 4500
001 768714001
003 CO-MdFUSB
005 20250528144427.0
007 ta
008 250528t1983 -uso|||| |||| 00| 0 eng d
020 _a0-88070-015-7
040 _cCO-MdFUSB
041 0 _aeng
082 0 4 _223
_a248.4
_bS9784s
100 1 _aSwindoll, Charles R.
_eautor
245 1 0 _aStarting over :
_bfresh hope for the road ahead
_c/ Charles R. Swindoll
264 1 _bMultnomah Press,
_aPortland, Oregon, USA :
_c[1983]
264 4 _c©1983
300 _a76 páginas
336 _atexto
_btxt
_2rdacontent
337 _2rdamedia
_asin mediación
_bn
338 _2rdacarrier
_avolumen
_bnc
563 _aRústico
650 1 0 _aVida cristiana
_919
942 _cBK
945 _aElías Tolentino
999 _c40949
_d40949